| 000 | 00578nam a22001817a 4500 | ||
|---|---|---|---|
| 005 | 20231127073129.0 | ||
| 008 | 231127b |||||||| |||| 00| 0 eng d | ||
| 020 | _a9991622853 | ||
| 041 | _aEnglish | ||
| 082 | _a340.5 HIN | ||
| 100 |
_aHinz MO _lEnglish |
||
| 245 |
_aWithout Chiefs there would be no Game : _bCustomary Law and Nature Conservation, _cMO Hinz |
||
| 250 | _aFirst Edition | ||
| 260 |
_aWindhoek : _bOut of Africa Publishers, _c2003 |
||
| 300 |
_b178 pages ; _c25 cm. |
||
| 650 |
_aLegal practice _bLaw |
||
| 942 |
_cBK _6ALISON_BN_VRIES |
||
| 999 |
_c963 _d963 |
||